| 000 | 00560 a2200229 4500 | ||
|---|---|---|---|
| 260 | _aParis | ||
| 630 | _a62 - Ingenierie. Art de lingenieur. Technologie en general | ||
| 037 | _b1, WVSC | ||
| 650 | _a6 - SCIENCES APPLIQUEES | ||
| 100 | _aSklar, Joël | ||
| 260 | _bEditions Eyrolles | ||
| 245 | _aInitiation à la conception Web : cours et exercices | ||
| 300 | _a353 p. | ||
| 650 | _aSites web : création | ||
| 260 | _c2001 | ||
| 300 | _b23cm | ||
| 100 | _lFr | ||
| 037 | _aDE 9892 | ||
| 020 | _a0-619-01526-8 | ||
| 999 |
_c42242 _d42242 |
||